Statystyki dla Państwa Europy - Jedna Minuta Sprint

Kliknij tutaj aby rozwiązać quiz!

Ogólne statystyki

  • Ten quiz został rozwiązany 11,924 razy
  • Średni wynik to 24 z 45

Odpowiedzi na mapie

Odpowiedzi skodowane kolorowo w zielono-czerwonej skali na mapie do tego quizu, zgodnie z poniższymi procentami.
Ładowanie ...
 

Statystyki odpowiedzi

państwa % Correct
Polska
97%
Niemcy
93%
Francja
89%
Rosja
86%
Hiszpania
86%
Szwecja
84%
Norwegia
81%
Portugalia
75%
Włochy
74%
Finlandia
74%
Litwa
73%
Islandia
72%
Irlandia
72%
Ukraina
71%
Lotwa
70%
Wielka
Brytania
69%
Czechy
67%
Estonia
65%
Belgia
63%
Dania
60%
Holandia
60%
Białoruś
60%
Slowacja
56%
Rumunia
44%
Austria
44%
Grecja
42%
Szwajcaria
38%
Andora
37%
Watykan
37%
Węgry
36%
Slowenia
36%
San Marino
33%
Serbia
32%
Monako
30%
Chorwacja
30%
Luksemburg
29%
Bułgaria
28%
Moldawia
26%
Malta
26%
Albania
26%
Kosowo
24%
Liechtenstein
21%
Bośnia i
Hercegowina
19%
Macedonia
Północna
18%
Czarnogóra
15%

Rozkład punktacji

Percentyl według liczby udzielonych odpowiedzi

Procent ludzi z każdym wynikiem

Twoja historia wyników

Nie rozwiązałeś tego quizu